000
00484nam a2200181Ia 4500
008
100917s9999 xx 000 0 und d
082
_b
27460
100
_a
गुलशन नंदा
245
_a
कामिनी
260
_b
मनोरंजन प्रकाशन
_c
1971
300
_a
189
365
_b
8
520
_a
कादंबरी
630
_a
कामिनी
650
_a
कादंबरी
730
_a
कामिनी
942
_c
BOOK
999
_c
632854
_d
632851